000
00344nam a2200157Ia 4500
100
_a
Griffiths/David J
250
_a
2
942
_c
BK
366
_f
20
654
_a
quantum
245
_a
Introduction to Quantum Mechanics
260
_b
Pearson Education
_a
Mumbai
_c
2005
082
_a
530.12/GRI
_b
GRI
300
_a
480
546
_a
ENGLISH
999
_c
20436
_d
20436